UM Logo

2021 cccc chair's address : writing and teaching in a time of covid : (Record no. 23351)

MARC details
000 -LEADER
fixed length control field 00749nam a22001817a 4500
003 - CONTROL NUMBER IDENTIFIER
control field OSt
005 - DATE AND TIME OF LATEST TRANSACTION
control field 20250909185426.0
008 - FIXED-LENGTH DATA ELEMENTS--GENERAL INFORMATION
fixed length control field 250120b |||||||| |||| 00| 0 eng d
040 ## - CATALOGING SOURCE
Transcribing agency 0
082 ## - DEWEY DECIMAL CLASSIFICATION NUMBER
Classification number DPer 808.042 C686 June-February 2021 v. 72-73 n. 1-4
100 ## - MAIN ENTRY--PERSONAL NAME
Personal name Lindquist, Julie.
Relator term author.
9 (RLIN) 64664
245 ## - TITLE STATEMENT
Title 2021 cccc chair's address : writing and teaching in a time of covid :
Remainder of title uncommon reflections on learning and loss /
Statement of responsibility, etc. Julie Lindquist.
260 ## - PUBLICATION, DISTRIBUTION, ETC. (IMPRINT)
Place of publication, distribution, etc. USA ;
Name of publisher, distributor, etc. National Council of Teachers of English ,
Date of publication, distribution, etc. December 2021.
300 ## - PHYSICAL DESCRIPTION
Extent Volume 72-73, page 184-205 ;
Dimensions 23 cm.
500 ## - GENERAL NOTE
General note College Composition & Communication, vol. 73, n. 2, pages 184-205, December 2021.
700 ## - ADDED ENTRY--PERSONAL NAME
Personal name Lindquist, Julie.
Relator term author.
9 (RLIN) 60028
942 ## - ADDED ENTRY ELEMENTS (KOHA)
Source of classification or shelving scheme Dewey Decimal Classification
Koha item type Periodicals
Holdings
Withdrawn status Lost status Source of classification or shelving scheme Damaged status Not for loan Collection code Home library Current library Date acquired Total Checkouts Full call number Date last seen Price effective from Koha item type Public note
    Dewey Decimal Classification     Periodicals UM Digos College - LIC UM Digos College - LIC 01/20/2025   DPer 808.042 C686 June-February 2021 v. 72-73 n. 1-4 01/20/2025 01/20/2025 Periodicals Periodical Article